New Testament introduction / (Record no. 45499)

MARC details
000 -LEADER
fixed length control field 01076pam a2200301 a 4500
001 - CONTROL NUMBER
control field 1525608
005 - DATE AND TIME OF LATEST TRANSACTION
control field 20151211105032.0
008 - FIXED-LENGTH DATA ELEMENTS--GENERAL INFORMATION
fixed length control field 900109s1990 ilu b 001 0 eng
010 ## - LIBRARY OF CONGRESS CONTROL NUMBER
LC control number 90030404
020 ## - INTERNATIONAL STANDARD BOOK NUMBER
International Standard Book Number 0830814027
040 ## - CATALOGING SOURCE
Original cataloging agency DLC
Transcribing agency DLC
Modifying agency DLC
050 00 - LIBRARY OF CONGRESS CALL NUMBER
Classification number BS2330.2
Item number .G87 1990
082 00 - DEWEY DECIMAL CLASSIFICATION NUMBER
Classification number 225.6/1
Edition number 20
630 00 - SUBJECT ADDED ENTRY--UNIFORM TITLE
Uniform title Bible.
100 1# - MAIN ENTRY--PERSONAL NAME
Personal name Guthrie, Donald,
Dates associated with a name 1916-1992.
245 10 - TITLE STATEMENT
Title New Testament introduction /
Statement of responsibility, etc by Donald Guthrie.
250 ## - EDITION STATEMENT
Edition statement 4th rev. ed.
260 ## - PUBLICATION, DISTRIBUTION, ETC. (IMPRINT)
Place of publication, distribution, etc Downers Grove, Ill. :
Name of publisher, distributor, etc Inter-Varsity Press,
Date of publication, distribution, etc 1990.
300 ## - PHYSICAL DESCRIPTION
Extent 1161 p. ;
Dimensions 24 cm.
440 #5 - SERIES STATEMENT/ADDED ENTRY--TITLE
Title [The master reference collection]
500 ## - GENERAL NOTE
General note Series taken from jacket.
504 ## - BIBLIOGRAPHY, ETC. NOTE
Bibliography, etc Includes bibliographical references (p. 1046-1123) and indexes.
630 00 - SUBJECT ADDED ENTRY--UNIFORM TITLE
Name of part/section of a work New Testament
General subdivision Introductions.
856 42 - ELECTRONIC LOCATION AND ACCESS
Materials specified Contributor biographical information
Uniform Resource Identifier <a href="http://www.loc.gov/catdir/enhancements/fy1007/90030404-b.html">http://www.loc.gov/catdir/enhancements/fy1007/90030404-b.html</a>
906 ## - LOCAL DATA ELEMENT F, LDF (RLIN)
a 7
b cbc
c orignew
d 1
e ocip
f 19
g y-gencatlg
942 ## - ADDED ENTRY ELEMENTS (KOHA)
Source of classification or shelving scheme Library of Congress Classification
Item type Book
Holdings
Withdrawn status Lost status Source of classification or shelving scheme Damaged status Not for loan Collection code Home library Current library Shelving location Date acquired Source of acquisition Total Checkouts Total Renewals Full call number Barcode Date last seen Date last borrowed Copy number Price effective from Koha item type
    Library of Congress Classification     Non-fiction Bishop Okullu Memorial Library (Limuru Campus) Bishop Okullu Memorial Library (Limuru Campus) General Circulation 11/12/2015 Donation 14 2 BS2330.2 .G87 1990 045046 14/11/2023 13/10/2023 1 11/12/2015 Book